Gelnica a okolie súbor turistických máp
| Format: | Book |
|---|---|
| Language: | Undetermined |
| PhysicalDescription: | 1 s. |
| Published: |
Bratislava
správa geodézie a kartografie na Slovensku
1960
|
| Edition: | 1. vyd. |
MARC
| LEADER | 00000nam a2200000 a 4500 | ||
|---|---|---|---|
| 001 | vtls001477080 | ||
| 003 | SK-MaSNL | ||
| 005 | 20260224050039.0 | ||
| 008 | 040621s1960 xx 0 und | ||
| 035 | |a SNK000432380 | ||
| 040 | |a SNK |b slo |c SNK |e AACR2 | ||
| 245 | 1 | |a Gelnica a okolie |b súbor turistických máp | |
| 250 | |a 1. vyd. | ||
| 260 | |a Bratislava |b správa geodézie a kartografie na Slovensku |c 1960 | ||
| 300 | |a 1 s. | ||
| 999 | |c 857044 |d 858974 | ||
| 952 | |t P60, <04>, [BOOK], {604} |a SNK |b SNK |y VYP |7 0 |p 17A0430240 |o snkSLCm 607 D1 |i snkD 153/79 |0 0 |1 0 |4 0 |d 2004-06-21 |l 0 |r 2005-01-02 00:00:00 |w 2026-02-24 | ||


